[Event "corr M.027"]
[Site "IECG"]
[Date "1997.??.??"]
[Round "?"]
[White "Blasberg, Gabriel"]
[Black "Elliott, Tom"]
[Result "1-0"]
[WhiteElo "2496"]
[BlackElo "2191"]
[PlyCount "139"]
[EventDate "1997.06.07"]
[Source "www.chesslib.no"]
[SourceDate "2004.05.04"]

1. e4 e5 2. Nc3 Nf6 3. Bc4 Nc6 4. d3 Bc5 5. f4 d6 6. Nf3 O-O 7. f5 Nd4 8. Bg5 c6 9. a3 b5 10. Ba2 Re8 11. Rf1 h6 12. Bxf6 Qxf6 13. Qd2 b4 14. Na4 Nxf3+ 15. Rxf3 Bg1 16. Kf1 Bd4 17. axb4 Bb7 18. c3 Bb6 19. Bb3 Reb8 20. Nxb6 axb6 21. Rxa8 Bxa8 22. Kg1 d5 23. Qe2 dxe4 24. dxe4 Bb7 25. Rg3 Kh7 26. Qh5 Rf8 27. Re3 Qe7 28. f6 Qxf6 29. Rf3 Qe7 30. Rxf7 Rxf7 31. Bxf7 Qd6 32. Bb3 Qe7 33. Qf5+ g6 34. Qf2 b5 35. Qc5 Qxc5+ 36. bxc5 Kg7 37. Kf2 Bc8 38. Ke3 Kf6 39. Bg8 g5 40. Bb3 h5 41. Bd1 g4 42. b3 Be6 43. Kd2 Kg5 44. g3 h4 45. Kc1 hxg3 46. hxg3 Kf6 47. Kb2 Ke7 48. Ka3 Kd7 49. Kb4 Kc7 50. Be2 Kb7 51. c4 bxc4 52. Bxc4 Bc8 53. Ka5 Bd7 54. Bf7 Bc8 55. Bg6 Kc7 56. Kb4 Ba6 57. Kc3 Be2 58. Bf7 Kd7 59. Kd2 Bf3 60. Ke3 Kc7 61. Bc4 Kb7 62. Bf1 Bd1 63. Bc4 Bf3 64. b4 Bg2 65. Bd3 Kc7 66. Be2 Bh3 67. Kd3 Kb7 68. Kc4 Kc7 69. b5 cxb5+ 70. Kxb5 1-0

[Event "WYB16, Oropesa del Mar ESP"]
[Site "?"]
[Date "2001.??.??"]
[Round "5"]
[White "Llobel Cortell, E."]
[Black "Maitesian, S."]
[Result "1-0"]
[WhiteElo "2375"]
[BlackElo "2305"]
[PlyCount "171"]
[EventDate "2001.??.??"]
[Source "www.chesslib.no"]
[SourceDate "2004.05.04"]

1. e4 e5 2. Nc3 Nf6 3. Bc4 Bc5 4. d3 Nc6 5. f4 d6 6. Nf3 Na5 7. Bb3 Nxb3 8. axb3 a6 9. Qe2 Bg4 10. h3 Bxf3 11. Qxf3 Qd7 12. Be3 Bxe3 13. Qxe3 exf4 14. Qxf4 Qe6 15. O-O O-O 16. Rae1 Rae8 17. Qh4 c6 18. Re2 Nd7 19. Ref2 Ne5 20. Rf5 Qe7 21. Qf2 f6 22. Kh1 Rf7 23. Nd1 Ref8 24. Ne3 g6 25. Rf4 Kh8 26. Qd2 Qe6 27. Qb4 d5 28. Qc3 dxe4 29. Rxe4 Qd6 30. Re1 h5 31. d4 Nd7 32. Nc4 Qc7 33. Re6 Nb6 34. Nxb6 Qxb6 35. d5 Kg7 36. dxc6 bxc6 37. Rxc6 Qf2 38. Qe3 Qxe3 39. Rxe3 Rd8 40. Rxa6 Rd1+ 41. Kh2 Rb1 42. Rae6 Rxb2 43. Re2 Kh6 44. R6e3 Rb7 45. h4 Rb4 46. g3 g5 47. hxg5+ Kxg5 48. Rf3 Rb6 49. Ref2 Rb1 50. Rf1 Rb2 51. Rc3 Re6 52. Rc5+ Kg6 53. Kg2 Re4 54. Rc6 Kg5 55. Rfxf6 Rxc2+ 56. Rxc2 Kxf6 57. Kf3 Rb4 58. Rc3 h4 59. gxh4 Rxh4 60. Ke3 Ke5 61. Kd3 Kd5 62. Rc8 Rh3+ 63. Kc2 Kd6 64. Kb2 Kd7 65. Rc4 Rh8 66. Kc3 Rb8 67. Rc5 Kd6 68. b4 Rb7 69. Kc4 Rb8 70. b5 Rb6 71. Kb4 Rb8 72. Rc6+ Kd7 73. Ka5 Ra8+ 74. Kb6 Rh8 75. Kb7 Rh5 76. b6 Rb5 77. Rc7+ Kd6 78. Rc1 Rb2 79. Rd1+ Ke7 80. Rd4 Ke6 81. Kc7 Rc2+ 82. Kb8 Rb2 83. b7 Ke5 84. Ra4 Kd6 85. Ka8 Kc7 86. Rc4+ 1-0